000 00751nam a2200277Ia 4500
005 20260324112704.0
008 008 260324s9999 xx 000 0 eng d
020 _a9781003433293
037 _aEBOOK
040 _aCRL
040 _beng
040 _cCRL
041 _2eng
041 _aeng
084 _qCRL
100 _aMadhusudhan H. S.; Satish Kumar T; Punit Gupta; Dinesh Kumar Saini; Kashif Zia
_91143742
245 0 _aReliable and Intelligent Optimization in Multi-Layered Cloud Computing Architectures
260 _bTaylor and Francis
260 _c2024
365 _a
365 _b355
856 _uhttp://www.taylorfrancis.com/books/9781003433293
942 _cEBOOK
999 _c1733044
_d1733044